|
|
|
|
| LEADER |
00000nab a2200000 a 4500 |
| 001 |
vtls009966229 |
| 003 |
SK-MaSNL |
| 005 |
20260304152221.0 |
| 008 |
250506c2009 xo |||||||||||000 b|slo |
| 015 |
|
|
|a SNBRB2009/11
|2 snkbucl
|
| 035 |
|
|
|a (uuid)78357e96-08a6-40d7-83a6-42ab8d6a854b
|
| 035 |
|
|
|a urn:nbn:sk:snk-ab9ez1
|
| 035 |
|
|
|a (urnnbn)urn:nbn:sk:snk:ar-a08bzs
|
| 038 |
|
|
|a SNKBUCL
|
| 040 |
|
|
|a SNKBUCL
|b slo
|c SNKBUCL
|e AACR2
|
| 041 |
0 |
|
|a cze
|
| 044 |
|
|
|a xo
|c SK
|
| 080 |
|
|
|a 7.038.17
|2 1997
|
| 080 |
|
|
|a 684.4
|x "19"
|2 1997
|
| 100 |
1 |
|
|a Dlabal, Stanislav
|4 aut
|9 681219
|
| 245 |
1 |
0 |
|a Art Deco
|c Stanislav Dlabal
|
| 300 |
|
|
|b Obr.
|
| 650 |
0 |
7 |
|a nábytok
|x dejiny
|2 snkbucl
|9 337136
|
| 650 |
0 |
7 |
|a art deco
|2 snkbucl
|9 51453
|
| 773 |
0 |
|
|t Stolársky magazín
|g Roč. 10, č. 10 (2009), s. 70-71
|x 1335-7018
|
| 850 |
|
|
|a Slovenská národná knižnica
|
| 852 |
|
|
|a Slovenská národná knižnica
|
| 958 |
|
|
|a article13
|
| 958 |
|
|
|a OND
|
| 958 |
|
|
|a EUIPO
|
| 999 |
|
|
|c 2947814
|d 2949744
|